| 000 | 00671nam a2200217Ia 4500 | ||
|---|---|---|---|
| 003 | GCL | ||
| 008 | 140319s9999 xx 000 0 ara d | ||
| 040 |
_aGCL / _cGCL |
||
| 082 | 0 | 4 |
_a759.46 _bف ف |
| 100 | 1 | _aفاطمة على | |
| 245 | 1 | 0 |
_aفيلاسكيز / _cفاطمة على |
| 260 |
_aالقاهرة : _bدار اخبار اليوم. قطاع الثقافة |
||
| 300 |
_a ؛ _c32 سم |
||
| 490 |
_aسلسلة الفن العالمى _v0 |
||
| 650 | 0 | 4 | _aالرسم بالالوان |
| 650 | 0 | 4 | _aاللوحات الفنية |
| 650 | 0 | 4 | _aرسم الاشخاص |
| 650 | 0 | 4 | _aالفنانون - تراجم |
| 650 | 0 | 4 | _aفيلاسكيز |
| 942 |
_2ddc _cBK |
||
| 999 |
_c5847 _d5847 |
||